000 00305pab a2200133 454500
008 180718b1986 xxu||||| |||| 00| 0 eng d
245 _aTackling the problem of `lost' water
260 _c1986
300 _a1-3
362 _aJune/July
650 _aWater Supply
773 _aUrban Edge
909 _a20616
999 _c20616
_d20616